| 000 | 00328nam a2200121Ia 4500 | ||
|---|---|---|---|
| 999 |
_c14701 _d14701 |
||
| 082 | _aRR 340.095491 KHA-H | ||
| 100 | _aKhan, M. Ilyas | ||
| 245 | 0 | _aHandbook of legal terms & phrases: judicially defined | |
| 260 |
_aKarachi _bPakistan Law House _c1994 |
||
| 300 | _a1000 | ||
| 650 | _aLAW - PAKISTAN - DICTIONARIES | ||
| 942 | _cBK | ||